| 000 | 00454ntaaa2200193 4500 | ||
|---|---|---|---|
| 003 | 01 | ||
| 005 | 20251027202114.0 | ||
| 008 | 0714s1973 ag 01 | ||
| 040 |
_aAR-BaBN _bspa _cAR-BaBN _eaacr _dRIC |
||
| 082 | _a252.1000 V71 | ||
| 100 |
_aVila Samuel _93189 |
||
| 245 | _aPensar y creer | ||
| 250 | _a2 ed. | ||
| 260 |
_aBarcelona : _bCLIE, _c1963 |
||
| 300 | _a152 p | ||
| 650 |
_amensajes radiales _916347 |
||
| 650 | _aradio-mensajes | ||
| 942 | _cBK | ||
| 999 |
_c15914 _d15914 |
||